Movies Quiz

Random Movies Quiz
Score 0/21 Timer 10:00
0 Plays Today
% Correct
Ratatouille
97.1%
Life of Pi
87.3%
Chicken Run
83.5%
Charlotte's Web
76.7%
Indiana Jones and the Last Crusade
76%
The Muppet Christmas Carol
73%
Enchanted
73%
Teenage Mutant Ninja Turtles
72.1%
2 Fast 2 Furious
61.7%
Harry Potter and the Philosopher's Stone
60.4%
Flushed Away
59.6%
% Correct
The Great Mouse Detective
58.4%
1917
52.5%
Chappie
49.7%
Avengers: Endgame
48.5%
The Secret of NIMH
30.5%
The Departed
27.9%
Willard
19.9%
Pirates of the Caribbean: Dead Men Tell No Tales
16.8%
The Abyss
13%
Wanted
6.1%
Remove Ads.
Support Sporcle.
Get the best of Sporcle when you Go Orange. This ad-free experience offers more features, more stats, and more fun while also helping to support Sporcle. Thank you for becoming a member.

You're not logged in!

Compare scores with friends on all Sporcle quizzes.
OR
Log In

Sporcle TV

Today on Sporcle TV


Watch our educational content, quiz creation guides, and fun videos on Sporcle TV.

Show Comments

Extras

Top Quizzes Today


Score Distribution

Paid Content

Your Account Isn't Verified!

In order to create a playlist on Sporcle, you need to verify the email address you used during registration. Go to your Sporcle Settings to finish the process.

Report this User

Report this user for behavior that violates our Community Guidelines.

Details: